knesl+kynčl architekti 2001-2012 : mezi městem a domem

Gespeichert in:
Bibliographische Detailangaben
1. Verfasser: Kynčl, Jakub (Verfasst von)
Format: Buch
Veröffentlicht: Brno : Knesl, 2013
Schlagworte:
Tags: Tag hinzufügen
Keine Tags, Fügen Sie das erste Tag hinzu!

MARC

LEADER 00000nam a22000003a 4500
001 stu284036
005 20150617230252.7
008 140213s2013----------------------------d
020 |a 978-80-903926-9-4 
040 |a STU  |b slo 
041 0
100 1 |a Kynčl, Jakub  |4 aut 
245 1 |a knesl+kynčl architekti 2001-2012 :  |b mezi městem a domem 
260 |a Brno :  |b Knesl,  |c 2013 
300 |a 291 s 
650 7 |a architekti českí  |2 stusub 
650 7 |a Knesl, Jiří  |2 stusub 
650 7 |a Kynčl, Jakub  |2 stusub 
996 |b 284AU06052  |c A*8909 U  |l AAKNAR  |s A  |a 24  |w stu284036_0001